Teoría y análisis de la entonación /

Esta obra trata sobre la entonación, como uno de los fenómenos lingüísticos más influyentes en la comunicación oral. El autor ofrece entonces, una interpretación fonológica de los fenómenos tonales de la lengua castellana, es decir analiza el uso del acento, del ritmo y de la entonación. Dicha inter...

Descrición completa

Gardado en:
Detalles Bibliográficos
Autor Principal: Cantero Serena, Francisco José (autor)
Formato: Libro
Idioma:Lingua castelá
Publicado: Barcelona, España : Universidad de Barcelona, 2002, c2002
Series:(Col-lecció UB ; 54)
Temas:
Etiquetas: Engadir etiqueta
Sen Etiquetas, Sexa o primeiro en etiquetar este rexistro!

MARC

LEADER 00000nam^a2200000^a^4500
001 000153088
005 20250521000000.0
009 20260310100305.803
020 |a 84-8338-301-2 
037 |a Acervo ITESO - Biblioteca 
041 |a ESP 
082 |a 410. 12  |b CAN 
100 |a Cantero Serena, Francisco José  |e (autor) 
245 1 0 |a Teoría y análisis de la entonación /  |c F.J. Cantero Serena. 
264 4 |a Barcelona, España :  |b Universidad de Barcelona,  |c 2002, c2002 
300 |a 234 p. 
336 |a texto  |b txt  |2 rdacontenido 
337 |a sin mediación  |b n  |2 rdamedio 
338 |a volumen  |b nc  |2 rdasoporte 
440 1 |a (Col-lecció UB ;  |v 54) 
520 |a Esta obra trata sobre la entonación, como uno de los fenómenos lingüísticos más influyentes en la comunicación oral. El autor ofrece entonces, una interpretación fonológica de los fenómenos tonales de la lengua castellana, es decir analiza el uso del acento, del ritmo y de la entonación. Dicha interpretación la integra a la teoría fonológica estructural. 
649 |a XX 
650 |a Español -  |x Entonación 
650 |a Español -  |x Pronunciación 
650 |a Acentos y Acentuación 
650 |a Deletreo y Silabeo 
650 |a Emisores 
650 |a Fonología Estructural 
650 |a Gramática Estructural 
650 |a Fonética Estructural 
650 |a Fonética Articulatoria 
650 |a Fonética 
650 |a Lingüística 
650 |a Habla -  |x Investigación 
650 |a Español 
650 |a Lenguas Romances 
650 |a Comunicación Oral 
650 |a Comunicación Verbal 
910 |a Fondo General 
920 |a Impresos - Libros 
930 |a Colección General 
905 |a 101 
901 |a 0500081550  |b IT1  |c ACC  |u 20250521 
902 |a https://opac.biblio.iteso.mx/vufind/Record/000153088